Les bateaux célèbres - Statistiques

Statistiques générales
  • Ce quiz a été pris 397 fois
    382 depuis la dernière actualisation
  • Le résultat moyen est 10 sur 24
Statistiques - réponses
Indice Nom du bateau % Correct
Paquebot qui coula en 1912, après avoir heurté un iceberg Titanic
99%
Caravelle de Christophe Colomb (3) Santa Maria
70%
Paquebot qui a été rebaptisé Norway, puis Blue Lady France
63%
Porte-avions de la Marine nationale française dont il est le navire amiral. Charles De Gaulle
62%
Navire océanographique du commandant Cousteau Calypso
55%
Caravelle de Christophe Colomb (2) Nina
53%
Caravelle de Christophe Colomb (1) Pinta
52%
Cuirassé russe à bord duquel une mutinerie éclata en 1905 Potemkine
51%
Bateau appartenant à 'Greenpeace' coulé en 1985, par les services secrets français Rainbow Warrior
45%
Alain Colas a disparu le 16 Novembre 1978, à bord du trimaran Manureva
43%
Paquebot transatlantique britannique surnommé 'Old Lady' Queen Mary
41%
Ce paquebot britannique coulé en 1915 par un sous-marin allemand, accéléra l'entreé en guerre des Etats Unis Lusitania
40%
Un des premiers bateaux colonisateurs anglais parti pour les Amériques Mayflower
40%
Voilier d'Eric Tabarly Pen Duick
40%
Frégate du marquis de La Fayette dont une réplique à l'identique a été construite à Rochefort Hermione
39%
Pétrolier échoué au large des côtes bretonnes en 1999 Erika
37%
bateau utilisé par La Pérouse pour son tour du monde (2) Astrolabe
31%
Dernier grand voilier français et navire école, classé monument historique Belem
31%
Yacht qui fut la propriété de Bernard Tapie Phocea
24%
bateau utilisé par La Pérouse pour son tour du monde (1) Boussole
23%
Navire qui ramena les cendres de Napoleon Bonaparte de Sainte Hélène Belle Poule
19%
Navire d'exploration polaire de Jean Baptiste Charcot, qui coula en 1936 Pourquoi Pas
19%
Navire qui amena Napoleon Bonaparte en exil à l'ïle Sainte Hélène Bellerophon
11%
Voilier de Philippe Poupon Fleur Australe
10%
Aucun quiz correspondant
Distribution des résultats
% des personnes avec chaque résultat
Percentile par nombre de réponses
Votre historique - résultats
Vous n’avez pas pris ce quiz depuis la dernière actualisation